000 00448nab a2200145Ia 4500
003 ES-SlBCS
005 20210601131742.0
008 140529s1932 xxu||||| |||| 00| 0 fre d
041 _afre
100 1 _aBorderie, M.
_9188560
245 0 0 _aGaspard des Montagnes ou le Monde d'Henri Pourrat
_c M. Borderie
600 1 4 _aMontagnes, Gaspard de
_9188582
773 0 _tVie Intelectuelle (La)
_gvol. 17, nº. 3, 1932, págs. 486-502
_wRev907
942 _cAR
999 _c568192
_d568192